| Tag |
First Indicator |
Second Indicator |
Subfields |
| LEADER |
00000cam a2200000Ka 4500 |
| 001 |
in00002492408 |
| 005 |
20211202191510.0 |
| 006 |
m d f |
| 008 |
090501s1988 vau s f000 0 eng d |
| 035 |
|
|
|a (OCoLC)ocn319812877
|
| 037 |
|
|
|a N 88-22295
|b NASA
|
| 040 |
|
|
|a GPO
|c GPO
|d GPO
|d MvI
|d UtOrBLW
|
| 049 |
|
|
|a WWW
|
| 074 |
|
|
|a 0830-H-14 (online)
|
| 086 |
0 |
|
|a NAS 1.26:182734
|
| 100 |
1 |
|
|a Nagel, R. T.
|
| 245 |
1 |
0 |
|a Enhanced viscous flow drag reduction using acoustic excitation :
|b final report /
|c R. T. Nagel.
|
| 264 |
|
1 |
|a Hampton, Va. :
|b NASA Langley Research Center,
|c [1988?]
|
| 300 |
|
|
|a 1 volume
|
| 336 |
|
|
|a text
|b txt
|2 rdacontent
|
| 337 |
|
|
|a computer
|b c
|2 rdamedia
|
| 338 |
|
|
|a unspecified
|b zu
|2 rdacarrier
|
| 490 |
1 |
|
|a NASA-CR ;
|v 182734
|
| 538 |
|
|
|a Mode of access: Internet from the NTRS web site. Address as of 04/30/09: http://ntrs.nasa.gov/archive/nasa/casi.ntrs.nasa.gov/19880012911%5F1988012911.pdf ; current access is available via PURL.
|
| 500 |
|
|
|a Title from title screen (viewed Apr. 30, 2009).
|
| 500 |
|
|
|a Electronic resource.
|
| 650 |
|
7 |
|a Acoustic excitation.
|2 nasat
|
| 650 |
|
7 |
|a Drag reduction.
|2 nasat
|
| 650 |
|
7 |
|a Inviscid flow.
|2 nasat
|
| 650 |
|
7 |
|a Mapping.
|2 nasat
|
| 650 |
|
7 |
|a Skin friction.
|2 nasat
|
| 650 |
|
7 |
|a Turbulent boundary layer.
|2 nasat
|
| 776 |
1 |
|
|a Nagel, R. T.
|t Enhanced viscous flow drag reduction using acoustic excitation.
|h 1 v.
|w (OCoLC)319836351
|
| 710 |
2 |
|
|a Langley Research Center.
|
| 830 |
|
0 |
|a NASA contractor report ;
|v NASA CR-182734.
|
| 856 |
4 |
0 |
|u https://purl.fdlp.gov/GPO/LPS112051
|t 0
|
| 999 |
|
|
|a MARS
|
| 999 |
f |
f |
|s e4ec18a8-a6ec-35c7-83a8-2d838afe6107
|i ac664b8d-c426-34f4-be3a-296e7367ed92
|t 0
|
| 952 |
f |
f |
|a Texas A&M University
|b College Station
|c Electronic Resources
|d Available Online
|t 0
|e NAS 1.26:182734
|h Superintendent of Documents classification
|
| 998 |
f |
f |
|a NAS 1.26:182734
|t 0
|l Available Online
|